Central Library OPAC University of Rajshahi

The nests and eggs of Indian birds / (Record no. 35870)

MARC details
000 -LEADER
fixed length control field 00948nam a2200277 a 4500
001 - CONTROL NUMBER
control field 35870
003 - CONTROL NUMBER IDENTIFIER
rucl marc code BD-RjUL
005 - DATE AND TIME OF LATEST TRANSACTION
control field 20211209052408.0
008 - FIXED-LENGTH DATA ELEMENTS--GENERAL INFORMATION
fixed length control field 190211m18891890enkc b 001 0 eng
035 ## - SYSTEM CONTROL NUMBER
System control number (BD-RjUL)35966
040 ## - CATALOGING SOURCE
Original cataloging agency DLC
Transcribing agency DLC
Language of cataloging eng
Modifying agency BD-RjUL
041 ## - LANGUAGE CODE
Language code of text/sound track or separate title eng
082 ## - DEWEY DECIMAL CLASSIFICATION NUMBER
Edition number 23
Classification number 598.09541564
Author mark and year HUN V-1-2-3 1889-1890
100 1# - MAIN ENTRY--PERSONAL NAME
Personal name Hume, Allan Octavian,
Dates associated with a name 1829-1912.
9 (RLIN) 228053
245 14 - TITLE STATEMENT
Title The nests and eggs of Indian birds /
Statement of responsibility, etc. by Allan O. Hume.
250 ## - EDITION STATEMENT
Edition statement 2nd ed. /
Remainder of edition statement edited by Eugene William Oates.
260 ## - PUBLICATION, DISTRIBUTION, ETC. (IMPRINT)
Place of publication, distribution, etc. London :
Name of publisher, distributor, etc. R.H. Porter,
Date of publication, distribution, etc. 1889-1890.
300 ## - PHYSICAL DESCRIPTION
Pagination 3 v. :
Illustrations Ill. ;
Size 24 cm.
504 ## - BIBLIOGRAPHY, ETC. NOTE
Bibliography, etc Includes bibliographical references and indexes.
505 0# - FORMATTED CONTENTS NOTE
Formatted contents note Vol. 1 (with four Portraits) -- v. 2 with four Portraits) -- v. 3 with four Portraits)
650 #0 - SUBJECT ADDED ENTRY--TOPICAL TERM
Topical term or geographic name as entry element Birds
General subdivision Nests.
9 (RLIN) 228054
Topical term or geographic name as entry element Birds
Geographic subdivision India.
9 (RLIN) 228055
700 1# - ADDED ENTRY--PERSONAL NAME
Personal name Oates, Eugene William,
Dates associated with a name 1845-1911, ed.
942 ## - ADDED ENTRY ELEMENTS (KOHA)
Source of classification or shelving scheme Dewey Decimal Classification
Koha item type Rare Books
Holdings
Lost status Source of classification or shelving scheme Damaged status Not for loan Collection code Permanent Location Current Location Shelving location Date acquired Source of acquisition Cost, normal purchase price Total Checkouts Full call number Date last seen Copy number Koha item type
  Dewey Decimal Classification   Not For Loan Rare Books Central Library, University of Rajshahi Central Library, University of Rajshahi Rare Book Section 11/06/1955 Pak. Lit. Palace 50.00   RA 598.09541564 HUN V-1 1889 11/02/2019 C-1 Rare Books
  Dewey Decimal Classification   Not For Loan Rare Books Central Library, University of Rajshahi Central Library, University of Rajshahi Rare Book Section 11/06/1955 Pak. Lit. Palace 50.00   RA 598.09541564 HUN V-2 1890 11/02/2019 C-1 Rare Books
  Dewey Decimal Classification   Not For Loan Rare Books Central Library, University of Rajshahi Central Library, University of Rajshahi Rare Book Section 11/06/1955 Pak. Lit. Palace 50.00   RA 598.09541564 HUN V-3 1890 11/02/2019 C-1 Rare Books